<?xml version="1.0" encoding="UTF-8"?>
<record
    xmlns:xsi="http://www.w3.org/2001/XMLSchema-instance"
    xsi:schemaLocation="http://www.loc.gov/MARC21/slim http://www.loc.gov/standards/marcxml/schema/MARC21slim.xsd"
    xmlns="http://www.loc.gov/MARC21/slim">

  <leader>01814nam a22002177a 4500</leader>
  <controlfield tag="003">IT-MiCISF</controlfield>
  <controlfield tag="005">20241227142357.0</controlfield>
  <controlfield tag="008">241227b        |||||||| |||| 00| 0 eng d</controlfield>
  <datafield tag="020" ind1=" " ind2=" ">
    <subfield code="a">9788829017423</subfield>
  </datafield>
  <datafield tag="040" ind1=" " ind2=" ">
    <subfield code="c">IT-MiCISF</subfield>
  </datafield>
  <datafield tag="041" ind1=" " ind2=" ">
    <subfield code="a">it</subfield>
  </datafield>
  <datafield tag="100" ind1=" " ind2=" ">
    <subfield code="a">Sissa Giulia</subfield>
    <subfield code="9">61284</subfield>
  </datafield>
  <datafield tag="245" ind1=" " ind2=" ">
    <subfield code="a">L'errore di Aristotele. </subfield>
    <subfield code="b">Donne potenti, donne possibili, dai Greci a noi</subfield>
  </datafield>
  <datafield tag="260" ind1=" " ind2=" ">
    <subfield code="a">Roma, </subfield>
    <subfield code="b">Carocci, </subfield>
    <subfield code="c">2023</subfield>
  </datafield>
  <datafield tag="300" ind1=" " ind2=" ">
    <subfield code="a">pp. 375</subfield>
  </datafield>
  <datafield tag="500" ind1=" " ind2=" ">
    <subfield code="a">donna, storia, identit&#xE0;-maschile, identit&#xE0;-femminile, societ&#xE0;,, cultura</subfield>
  </datafield>
  <datafield tag="520" ind1=" " ind2=" ">
    <subfield code="a">Oggi le donne sono al potere. Dirigono imprese, governano paesi, comandano eserciti. Ne hanno conquistato il diritto. Ne sono capaci. Sono bravissime. Ma nulla va dato per scontato. I Greci hanno saputo immaginare ragazze eroiche, madri autorevoli, regine guerriere. Ma i Greci hanno anche inventato l'autogoverno di cittadini guerrieri, la demokratia. Il popolo &#xE8; maschio e dev'essere virile. Ed ecco che le donne potenti diventano impossibili. La filosofia e la legge naturale attribuiscono loro incapacit&#xE0; decisionale, inettitudine al comando, sottomissione, vigliaccheria, incostanza, mollezza. Il maschio &#xE8; focoso, impetuoso, audace, imperioso. La femmina &#xE8; fredda, intelligente, vile, timida. L'uomo &#xE8; un animale politico. La donna &#xE8; un animale domestico. Aristotele organizza queste idee in un sistema di pensiero. Il cristianesimo ne diffonde i principi e ne rafforza il rigore. La donna antica era irresoluta. La donna cristiana diventa irrazionale. Alla fine del Settecento, emergono nuovi diritti che appartengono a ogni individuo in quanto essere umano. &#xC8; il progetto emancipatorio dei Lumi in tutto il suo splendore. &#xC8; la premessa della qualit&#xE0; democratica moderna. &#xC8; il nostro orizzonte.</subfield>
  </datafield>
  <datafield tag="650" ind1=" " ind2=" ">
    <subfield code="a">Donna</subfield>
  </datafield>
  <datafield tag="654" ind1=" " ind2=" ">
    <subfield code="a">saggio</subfield>
  </datafield>
  <datafield tag="942" ind1=" " ind2=" ">
    <subfield code="2">ddc</subfield>
    <subfield code="c">BK</subfield>
  </datafield>
  <datafield tag="999" ind1=" " ind2=" ">
    <subfield code="c">360319</subfield>
    <subfield code="d">360319</subfield>
  </datafield>
  <datafield tag="952" ind1=" " ind2=" ">
    <subfield code="0">0</subfield>
    <subfield code="1">0</subfield>
    <subfield code="2">ddc</subfield>
    <subfield code="4">0</subfield>
    <subfield code="6">B_7865_000000000000000</subfield>
    <subfield code="7">1</subfield>
    <subfield code="a">CISF</subfield>
    <subfield code="b">CISF</subfield>
    <subfield code="d">2024-12-27</subfield>
    <subfield code="l">0</subfield>
    <subfield code="o">B7865</subfield>
    <subfield code="p">9788829017423</subfield>
    <subfield code="r">2024-12-27 14:24:11</subfield>
    <subfield code="w">2024-12-27</subfield>
    <subfield code="y">BK</subfield>
  </datafield>
</record>
